Largest Canadian Cities as a Percent of Their Province's Population - Statistics

General Stats
  • This quiz has been taken 26 times
  • The average score is 24 of 40
Answer Stats
Province Percent Answer % Correct
Alberta 30.7 Calgary
100%
Alberta 23.7 Edmonton
100%
Quebec 20.7 Montreal
100%
Ontario 19.6 Toronto
100%
British Columbia 13.2 Vancouver
100%
Nova Scotia 45.4 Halifax
95%
New Brunswick 9.0 Saint John
95%
Newfoundland 21.6 St. John's
95%
Ontario 7.2 Ottawa
90%
Saskatchewan 20.0 Regina
90%
Saskatchewan 23.5 Saskatoon
90%
Manitoba 55.9 Winnipeg
90%
Northwest Territories 49.5 Yellowknife
90%
Quebec 6.5 Quebec City
85%
Yukon 70.1 Whitehorse
85%
Nunavut 20.2 Iqaluit
80%
Ontario 5.0 Mississauga
80%
New Brunswick 8.1 Fredericton
75%
New Brunswick 10.2 Moncton
75%
PEI 25.1 Charlottetown
70%
British Columbia 11.4 Surrey
70%
Ontario 4.6 Brampton
60%
Quebec 5.2 Laval
60%
British Columbia 5.0 Burnaby
55%
Northwest Territories 7.3 Inuvik
45%
British Columbia 4.2 Richmond
45%
Nova Scotia 9.7 Cape Breton
40%
Nunavut 8.1 Rankin Inlet
40%
Northwest Territories 5.8 Hay River
30%
PEI 10.4 Summerside
30%
Nunavut 7.8 Arviat
25%
Nunavut 4.8 Cambridge Bay
25%
PEI 4.3 Cornwall
25%
PEI 5.1 Three Rivers
25%
Northwest Territories 5.5 Fort Smith
20%
PEI 7.1 Stratford
20%
Nunavut 5.6 Baker Lake
15%
Northwest Territories 4.3 Behchoko
10%
Nunavut 5.6 Igloolik
10%
Nunavut 4.2 Pond Inlet
10%
No matching quizzes found
Score Distribution
Percent of People with Each Score
Percentile by Number Answered
Your Score History
You have not taken this quiz